Investigacion en enfermeria : (Registro nro. 21801)

Detalles MARC
000 -LEADER
fixed length control field 01951nam a22002417a 4500
001 - CONTROL NUMBER
control field 021615
003 - CONTROL NUMBER IDENTIFIER
control field DO-CoUTE
005 - DATE AND TIME OF LATEST TRANSACTION
control field 20260204212649.0
008 - FIXED-LENGTH DATA ELEMENTS--GENERAL INFORMATION
fixed length control field 220801b dr ||||| |||| 00| 0 spa d
020 ## - INTERNATIONAL STANDARD BOOK NUMBER
International Standard Book Number 978-1-4963-5129-6
040 ## - CATALOGING SOURCE
Original cataloging agency DO-CoUTE
Language of cataloging spa
Transcribing agency DO-CoUTE
082 ## - DEWEY DECIMAL CLASSIFICATION NUMBER
Edition number 22
Classification number 610.7 P769i
Item number 2018
100 1# - MAIN ENTRY--PERSONAL NAME
Personal name Polit, Denise P.
Relator term autor
245 1# - TITLE STATEMENT
Title Investigacion en enfermeria :
Remainder of title fundamentos para el uso de la evidencia en la práctica de la enfermería
Statement of responsibility, etc. Denise P. Polit, Chery Tatano Beck ; Martha Elena Araiza Martínez
250 ## - EDITION STATEMENT
Edition statement novena edición
260 ## - PUBLICATION, DISTRIBUTION, ETC.
Place of publication, distribution, etc. Barcelona, España :
Name of publisher, distributor, etc. Wolters Klower,
Date of publication, distribution, etc. 2018
300 ## - PHYSICAL DESCRIPTION
Extent 442 páginas
504 ## - BIBLIOGRAPHY, ETC. NOTE
Bibliography, etc. note Incluye referencias bibliográficas e índice
520 ## - SUMMARY, ETC.
Summary, etc. Investigación en Enfermería: fundamentos para el uso de la evidencia en la práctica de la Enfermería es una obra de referencia para los estudiantes de Enfermería, ya que tiene como objetivo ayudarles a aprender cómo leer y analizar un artículo de investigación y a desarrollar el interés por la investigación. Para ello, proporciona las herramientas necesarias para una valoración crítica de la información que se puede encontrar en artículos de investigación y cómo aplicar los resultados de la investigación en la práctica clínica, considerando la investigación como una actividad complementaria al trabajo profesional.<br/><br/>Se ha hecho una actualización de esta obra con nueva información de los métodos de investigación que usan los investigadores en enfermería y se ha añadido nuevo contenido; por un lado Proyectos para mejora de calidad en el que se expone y justifica la nueva tendencia de investigación con métodos mixtos; y por otro lado, la interpretación y relevancia clínica en la investigación cualitativa que está tomando prominencia entre los investigadores.
650 #7 - SUBJECT ADDED ENTRY--TOPICAL TERM
Source of heading or term LEMB
Topical term or geographic name entry element enfermería - investigación
700 1# - ADDED ENTRY--PERSONAL NAME
Personal name Tatano Beck, Chery
Relator term autor
942 ## - ADDED ENTRY ELEMENTS (KOHA)
Source of classification or shelving scheme Dewey Decimal Classification
Koha item type Libros
Existencias
Withdrawn status Lost status Source of classification or shelving scheme Damaged status Not for loan Collection code Home library Current library Date acquired Inventory number Total Checkouts Full call number Barcode Date last seen Copy number Price effective from Koha item type
    Dewey Decimal Classification     Colección General Biblioteca UTECO Biblioteca UTECO 08/01/2022 021615   610.7 P769i 2018 021615 08/01/2022 Ej.1 08/01/2022 Libros
© 2021 Derechos Reservados UTECO - Teléfono: +1 809-585-2291 - Correo electrónico: biblioteca@uteco.edu.do​  
Código postal 43000 ​​
Dirección: Avenida Universitaria No. 100, 
Cotuí, Provincia Sánchez Ramírez, República Dominicana - RNC: 404-00059-6